000 00495 a2200193 4500
005 20260203161445.0
008 260203b |||||||| |||| 00| 0 eng d
020 _a9789349583498
_cRs. 3495.00
040 _aMAIN
082 _a610.285
_bH27A
100 _aHasan, Nafisul
245 _aAI in the healthcare sector
260 _bAmiga Press
_c2026
_aNew Delhi
300 _axviii, 295
650 _aMedicine
650 _aHealth Science
650 _aArtificial Intelligence
942 _cBK
999 _c395184
_d395184